|
|
|
|
| LEADER |
00576cam a2200205 a 4500 |
| 001 |
0000031410 |
| 005 |
19980223090000.0 |
| 040 |
|
|
|a mod
|
| 041 |
|
|
|a eng
|
| 020 |
0 |
0 |
|a 0196382548
|
| 090 |
0 |
0 |
|a 959.8
|b NOE
|
| 100 |
1 |
0 |
|a NOER
|h Deliar
|
| 245 |
1 |
4 |
|a The modernist Muslim movement in Indonesia 1900-1942
|c Deliar Noer
|
| 260 |
0 |
0 |
|a Kuala Lumpur
|b Oxford University Press
|c 1973
|
| 440 |
0 |
0 |
|a East Asian Historical Monographs
|
| 504 |
0 |
0 |
|a Bib:p. 343-361
|
| 650 |
0 |
0 |
|a Z1
|
| 852 |
0 |
0 |
|a 01
|
| 300 |
|
|
|a pages cm1973
|
| 999 |
|
|
|a 0030316
|b KEMENTAH
|d BOOKS
|e Umum
|f Perpustakaan KEMENTAH
|j AVAILABLE
|q OLD
|